000 00658nam a2200253Ia 4500
003 OSt
005 20220918194557.0
006 a|||||r|||| 00| 0
007 ta
008 220917b |||||||| |||| 00| 0 eng d
024 _a80,270
037 _cTextual
040 _aARTS
_cARTS
_beng
041 _2eng
_aeng
082 _aS:43, N3
100 _aParking Alan J
_985735
245 0 _aMemory
_b phenomena, experiment, and theory
260 _aOxford
_bBlackwell
_c1993
300 _aviii,231p.
_ccm.
500 _aIncludes index
650 _aPSYCHOLOGY
942 _hS:43, N3
_cTEXL
_2CC
999 _c203996
_d203996